Mentari Di Hadapan (Record no. 105384)

MARC details
000 -LEADER
fixed length control field 00716nam a2200265 i 4500
001 - CONTROL NUMBER
control field C2-0301604
003 - CONTROL NUMBER IDENTIFIER
control field PPAK
005 - DATE AND TIME OF LATEST TRANSACTION
control field 20180728082848.0
008 - FIXED-LENGTH DATA ELEMENTS--GENERAL INFORMATION
fixed length control field 091217s2004 my a|||| ||||| | may d
020 ## - INTERNATIONAL STANDARD BOOK NUMBER
International Standard Book Number 9789832414629
040 ## - CATALOGING SOURCE
Original cataloging agency PPAK
Language of cataloging eng
Transcribing agency PPAK
Description conventions rda
082 04 - DEWEY DECIMAL CLASSIFICATION NUMBER
Classification number 899.233
Edition number 23
090 00 - LOCALLY ASSIGNED LC-TYPE CALL NUMBER (OCLC); LOCAL CALL NUMBER (RLIN)
Classification number (OCLC) (R) ; Classification number, CALL (RLIN) (NR) 899.233
Feature heading MKR
Feature heading K
100 0# - MAIN ENTRY--PERSONAL NAME
Personal name M.K.Riza,
Relator term author
245 10 - TITLE STATEMENT
Title Mentari Di Hadapan
264 #1 - PRODUCTION, PUBLICATION, DISTRIBUTION, MANUFACTURE, AND COPYRIGHT NOTICE
Place of production, publication, distribution, manufacture Kuala Lumpur :
Name of producer, publisher, distributor, manufacturer Allwrite ,
Date of production, publication, distribution, manufacture, or copyright notice 2004
300 ## - PHYSICAL DESCRIPTION
Extent 70 pages :
Other physical details illustrations ;
Dimensions 18 cm
336 ## - CONTENT TYPE
Source rdacontent
Content type term text
337 ## - MEDIA TYPE
Source rdamedia
Media type term unmediated
338 ## - CARRIER TYPE
Source rdacarrier
Carrier type term volume
490 1# - SERIES STATEMENT
Series statement Cereka bina diri
650 10 - SUBJECT ADDED ENTRY--TOPICAL TERM
Topical term or geographic name entry element Children's stories, Malay.
830 #0 - SERIES ADDED ENTRY--UNIFORM TITLE
Uniform title Cereka bina diri
942 ## - ADDED ENTRY ELEMENTS (KOHA)
-- dc
Koha item type Book
Holdings
Withdrawn Not for loan Current library Shelving location Date acquired Total Checkouts Full call number Barcode Date last seen Koha item type
    Bergerak 3, Baling Pinjaman Kanak-kanak 17/12/2009   K 899.233 MKR A01322910 09/05/2018 Book
    PD31, Kg. Gelam, Bedong Pinjaman Kanak-kanak 17/12/2009   K 899.233 MKR A01322911 09/05/2018 Book
    PD31, Kg. Gelam, Bedong Pinjaman Kanak-kanak 17/12/2009   K 899.233 MKR A01322909 09/05/2018 Book